| 000 | nam a22 a 4500 | ||
|---|---|---|---|
| 999 |
_c59550 _d59550 |
||
| 003 | BLK | ||
| 005 | 20230420162735.0 | ||
| 008 | 180408b bul|||||r ||||||| ||bul|| | ||
| 010 | _aKNG00063658000 | ||
| 020 | _a954-459-043-9 | ||
| 040 | _aBLK | ||
| 041 |
_aBUL _cBUL |
||
| 080 |
_aАмериканска литература (на САЩ) _b821.111(73) _x-31 _z821.111(73)-31 |
||
| 100 | 1 |
_aЧестън, Сандра _eпърви автор _9141623 |
|
| 139 |
_aЧестън, Сандра _bЧ 74 |
||
| 245 | 1 | 0 |
_aМомичето на Дани _bРоман _cСандра Честън; прев. от англ. Илия Годев. |
| 257 | _aBGR | ||
| 260 |
_aПловдив _bХермес _c1993 _fПловдив: Полиграфия |
||
| 300 |
_a144 с. _c20 см |
||
| 380 | _aX | ||
| 490 |
_aНови любовни романи _v№ 6 _9201137 |
||
| 500 | _aОриг. загл. Danny's Girl / Sandra Chastain. | ||
| 700 | 1 |
_aГодев, Илия _eпрев. от англ. _9364454 |
|
| 852 |
_aЦб 173302 _bЦб |
||
| 856 | 4 |
_qpdf _i0.00 _ldisable |
|
| 856 | 4 |
_qpdf _i0.00 _ldisable |
|
| 942 |
_cKNG _n0 _01 _s1 |
||
| 944 |
_aCR _c27.01.2017 _kНора_Радева |
||
| 944 |
_aED _c27.01.2017 _kНора_Радева |
||
| 999 | _d59550 | ||